Obscure Bible Characters - Statistics

General Stats
  • This quiz has been taken 70 times
  • The average score is 5 of 14
Answer Stats
Hint Answer % Correct
The Jews had a choice to crucify Jesus, or this thief Barabbas
81%
His ass spoke to him Balaam
79%
Abraham's second wife Keturah
48%
Philemon's runaway servant Onesimus
45%
Peter cut off his ear Malchus
43%
King of Bashan Og
43%
He took 250 men to confront and rebel against Moses and Aaron Korah
40%
Older brother Er Onan
33%
A Samaritan woman Jesus talked to Woman at the Well
33%
Ehud stabbed this obese king Eglon
31%
He made a dumb promise that he would kill whoever first greets him when he got back from war Jepthah
19%
Has the longest name in the bible Maher-Shalal-Hash-Baz
19%
Built the Ark of the Covenant with Aholiab Bezalel
7%
Son of Ahisamakh Oholiab
0%
No matching quizzes found
Score Distribution
Percent of People with Each Score
Percentile by Number Answered
Your Score History
You have not taken this quiz